Quizzes
Events
Quiz Creation
Community
Videos
Private Events
Remove Ads
Sign In
Join for FREE
Feedback
Dark Mode
Quiz Categories
Sports
Geography
Music
Movies
Television
Just For Fun
Miscellaneous
History
Literature
Language
Science
Gaming
Entertainment
Religion
Holiday
For Kids
Quiz Lab
Recent
Popular Today
Quiz Kudos Today
Editor Picks
Curator Picks
Quizzes by...
Day
Popularity
Type
Ratings
Length
Year
Community
Subscriptions
Recent Discussions
Orange Saloon
Badges
Playlists
Quests
Create
Leaderboards
Showdown
Live 5
Trivia Bingo
Activity
Puzzle Library
Sporcle Events
Private Events
Virtual Trivia
Globe League
Become a Host
Pub Owners
SporcleCon
Opinionation
Our Games
Videos
Blog
Mobile Apps
Partnerships
Remove Ads and Go Orange
Feedback
Television
TV Characters
TV Show
Sitcom
Network
Friends
Reality Shows
Cast
South Park
Star Trek
The Simpsons
Doctor Who
Television
TV Characters
TV Show
Sitcom
Network
Friends
Reality Shows
Cast
South Park
Star Trek
The Simpsons
Doctor Who
Random Quiz
Search Sporcle
×
Quiz Lab
Quiz Lab
Television
Doctor Who
Type in answers that appear in a list
Type in answers that appear in a list
Classic
Best Score? Go Orange.
Ultimate Doctor Who [Difficult] Stats
Can you name the answers to the Doctor Who revival trivia?
By
doctorwhovian
8m
35 Questions
3,467 Plays
3,467 Plays
3,467 Plays
Comments
Comments
Give Quiz Kudos
Give Quiz Kudos
-
- Ratings
hide this ad
More Info
Random Order
Randomize order of answers
Randomize order of answers
Replay
Link that replays current quiz
Next Quiz
Link to next quiz in quiz playlist
You Got
0%
They Got
Avg Score
46%
Avg Friend Score
Upgrade to see
Score Distribution
Jump to the score distribution portion of the page
Score
0/35
Timer
08:00
0
Plays Today
Question
Answer
% Correct
How many bullets did Captain Zachary Cross Flane have in his bolt gun?
1
86.9%
Rule of thumb: When encountered with a weeping angel, Don't Blink, but also, don't look at their ...?
Eyes
79.3%
What organization does Queen Victoria found?
Torchwood
77.1%
What was the powerful beast that was trapped in the Pandorica?
The Doctor
76.8%
How many people have to be online in order for the Osterhagen key to be allowed to be used?
3
75.3%
What year did the show first air?
1963
72.8%
The Sycorax had control of people with which blood type?
A+
69.6%
Who knocked four times?
Wilfred Mott
67.7%
What were the very first words written in history?
Hello Sweetie
67%
What Jersey number did the Doctor have when playing soccer in The Lodger?
11
65.1%
What two colors are 11's bowties
Blue and Red
62.1%
When the Doctor first met Amy where did he say the swimming pool was?
Library
61.5%
What fruit does the Doctor despise?
Pear
57.1%
What type of alien was piloting Starship U.K.?
Star Whale
54.5%
Where is 'sister-
of-
mine'?
Mirror
49.5%
What insrument did the Doctor use to defeat Lazarus?
Organ
47.3%
What was the name of Shakespeare's lost play?
Love's Labors Won
46.3%
What 'mood' (or DRUG) set off the virus in New Earth?
Bliss
45.4%
Question
Answer
% Correct
What was the name of the crashed ship with the Weeping Angel on board?
The Byzantium
42.8%
When shown the 'video' Liz 10 had the choice to either Forget or...?
Abdicate
41.9%
What was the name of Cassandras minion?
Chip
41.4%
What did the Killitanes have the last time the Doctor saw them?
Long Necks
40%
What does Jackie name the baby?
Tony
40%
To whom does the Doctor 'point at laugh' at?
Archaeologists
37%
What was the name of the spaceship the Doctor landed on in 'The Girl in the Fireplace'?
S.S. Madame de Pompadour
31%
What was the password to hack into the navy's missiles?
Buffalo
29.8%
Which floor on Satellite 5 was Medical Nonemergency?
16
25.6%
What is Midnight's waterfall made of?
Sapphires
24.9%
How old was Liz 10
300
23.5%
How many life forms were 'saved' by CAL?
4022
22.6%
What is the name of the Impossible Planet
Krop Tor
21.1%
Besides London, name one city that a 'time lord killing' chemical was hidden in.
Many Possible Answers
19.1%
What was the title of Agatha's book that was written about the Vespiform?
Death in the Clouds
16%
What did ATMOS stand for?
Atmospheric Omission System
13%
What drink did the Doctor order in 'The Unicorn and the Wasp'?
Lime Soda
11.3%
Quiz Playlist
Details
Report
Send in Message
Add To Playlist
More Info:
How well do you REALLY know Doctor Who? ...I bet I know it better.
Classic:
Type in answers that appear in a list
Random Order:
Randomize order of answers
Last Updated: Feb 16, 2017
Quiz Scoreboard
CHALLENGE
Sign Up to Join the Scoreboard
Show All
Scores
Hide
Comments
May contain spoilers
Recently Published
Decade Duel: World Leaders
by jenniferyan
History
4m
Alphabetical 'K' Countries by Flag Minefield
by ylime102
Geography
3m
Pick 6: Fruits
by JohnFran
Miscellaneous
15s
More to Explore
Quiz From the Vault
Featured Blog Post
15 Basketball Trivia Facts You Can Be March Mad About
hide this ad
You Might Also Like...
Tags
Doctor Who Quiz
Alien Series
difficult
doctor
sci-fi
ultimate
Today's Top Quizzes in Television
Browse Television
hide this ad
Today's Top Quizzes in Doctor Who
Browse Doctor Who
Top Contributed Quizzes in Television
1
Hidden Simpsons Character
2
First Name TV: Leading Men
3
Hidden Simpsons Character XXIV
4
First Name TV: Leading Women Drama
5
Hidden Simpsons Character II
6
Hidden Simpsons Character III
7
Pick A Pair: Religious TV
8
Hidden Simpsons Character XXV
9
Hidden Simpsons Character XXVI
10
The Vampire Diaries Logic Puzzle
Explore More
Trending Topics
Harry Potter
Disney
Crossword
Anime
Marvel
Kpop
NBA
The Office
WWE
Puzzle
Pokémon
Soccer
Country
Song
NFL
hide this ad
More By:
doctorwhovian
Quiz
Plays
Rating
Category
Featured
Created
Ultimate Doctor Who [Difficult]
3,467
3.69
Television
Apr 6, 2011
Finish These Doctor Who Quotes 2005-2010
1,609
3.17
Television
Apr 13, 2011
Doctor Who Villian Quotes (2005-2011)
1,072
3.22
Television
Nov 8, 2011
Top 10 Doctor Who Doctors
188
3.20
Television
Jan 27, 2012
Go to Creator's Profile
Score Distribution
Quiz Creator Spotlight
doctorwhovian
Follow
Send a Message
Quizzes Created
-
Created Quiz Play Count
-
More By This Creator
Popular Quizzes Today
1
Countries of Asia Without Outlines Minefield
2
Find the US States - No Outlines Minefield
3
Pick 6: Fruits
4
Alphabetical 'K' Countries by Flag Minefield
5
The Countries of the World
6
Find the Countries of Europe - No Outlines Minefield
7
Find the US States
8
US States
More Television Quizzes
4-Letter TV Women
Published
Trending Quizzes
Pick 6: Mountains
Pick 6: Harry Potter
Pick 6: Flags
Pick 6: NFL Teams
Pick 6: Movie Franchises
Recently Updated
Adaptations: Name the Title
pecheneg
NWSL Teams
pecheneg
Women's Final Four Teams by Year
bhenderson79
Presidents Quartet II
eogle
Anything But Clue(do)
eogle
Anything But Oceanian Capitals
eogle
Anything But 7
eogle
Anything But Thing
eogle
Word Ladder: February 29
pecheneg
Song Title Questions
pecheneg
Trending Topics
Harry Potter
Crossword
NBA
Kpop
Disney
Marvel
Anime
The Office
Country
Pokémon
NFL
WWE
Song
Puzzle
Soccer
Your Account Isn't Verified!
In order to create a playlist on Sporcle, you need to verify the email address you used during registration. Go to your
Sporcle Settings
to finish the process.
Report this User
Report this user for behavior that violates our
Community Guidelines
.
Details:
Send Report
Go to the Sporcle.com Mobile Site →
Comments